| 000 | 01274cam a22003974i 4500 | ||
|---|---|---|---|
| 003 | PE-LiUPU | ||
| 005 | 20250731173212.0 | ||
| 008 | 150625s r 000 0 d | ||
| 035 | _a(Sirsi) a32453 | ||
| 040 |
_aPE-LiUPU _bspa _cPE-LiUPU _erda |
||
| 082 | 0 | 4 |
_a220.843 _bS641988 _221 |
| 110 | 2 | _aSociedades Bíblicas Unidas Cochabamba | |
| 245 | 1 | 0 | _aQheshwa Biblia. |
| 264 | 1 |
_aCochabamba : _bSociedad Biblicas Unidas, _c1986. |
|
| 300 |
_a318 páginas ; _c21.5 cm. |
||
| 336 |
_atext _2rdacontent |
||
| 337 |
_aunmediated _2rdamedia |
||
| 338 |
_avolume _2rdacarrier |
||
| 505 | 0 | _aDesde Genesis hasta el Apocalipsis. | |
| 526 | _aSEG42 | ||
| 526 | _aSEG41 | ||
| 526 | _aSEG40 | ||
| 526 | _aSEG39 | ||
| 526 | _aP94 | ||
| 526 | _aP87 | ||
| 526 | _aP86 | ||
| 526 | _aP85 | ||
| 526 | _aP77 | ||
| 526 | _aP76 | ||
| 526 | _aP35 | ||
| 942 |
_2ddc _cBOOK |
||
| 949 |
_a220.843 S64 1988 _wDEWEY _c1 _i36835 _lCCODEBUL1 _mBUL _p00.00 _r0 _sY _tBOOK _u2015-06-25 _xBIBLIOTECA _zUNKNOWN _0COMPRA _o.STAFF. Colección General |
||
| 596 | _a1 | ||
| 999 |
_a220.843 S64 1988 _wDEWEY _c40107 _i36835 _f2021-11-9 _g5 _lCCODEBUL1 _mBUL _r0 _sY _tBOOK _u2015-6-25 _xTEOLOGIA _zUNKNOWN _0COMPRA _o.STAFF. Colección General _d40107 |
||
| 980 |
_81 _gALBERTO SANCHEZ Responsable de Automatización |
||